000 00517nam a22001697a 4500
003 SGT
020 _a9788131787465
082 _a658.4,LAU
100 _aKENNETH C.LAUDON
245 _aMANAGEMENT INFORMATION SYSTEM
250 _a12TH
260 _aNEW DELHI
_bIBH
_c2013
300 _a319
650 _aMANAGEMENT
653 _a Organizations, Management, and the Networked, Information Technology Infrastructure , Key System Applications for the Digital Age , Building and Managing Systems ,
942 _2ddc
_cFCM
999 _c8826
_d8826